000 02708cam a2200313 4500500
005 20251228070410.0
041 _afre
042 _adc
100 1 0 _aHenry, Stéphane
_eauthor
245 0 0 _aCombattre la tuberculose au Havre (1879-1939)
260 _c2010.
500 _a32
520 _aEntre 1879 et 1939, Le Havre se forge l’image d’une ville pionnière dans le cadre de la lutte contre la tuberculose. Précurseur dans le domaine de l’hygiène publique par l’intermédiaire du premier bureau d’hygiène de France fondé en 1879 par Jules Siegfried, la municipalité n’a de cesse durant ces soixante années d’innover pour faire face aux fléaux sociaux. C’est ainsi que se met en place un dispensaire dès 1906 pour favoriser le dépistage des malades ; l’hôpital est également aménagé pour recevoir et isoler les tuberculeux alors que les enfants sont envoyés à la campagne dans des institutions propres pour les sauvegarder du mal ou vaccinés au moyen du BCG. Toutes ces politiques sanitaires successives témoignent d’un fort investissement des élus locaux, et le modèle jusqu’alors utilisé au xixe siècle se transforme. En effet, si les moyens curatifs atteignent très vite leurs limites face à une tuberculose encore incurable, le domaine de la prévention s’en trouve nettement renforcé et, d’une certaine manière, se démocratise.
520 _aFighting tuberculosis in Le Havre (1879-1939)Between 1879 and 1939, Le Havre forged its image as a pioneer in the fight against tuberculosis. Precursor in the field of public health – the first Health Board in France was founded in 1879 by Jules Siegfried –, the municipality continually innovated to deal with social ills. In 1906, a dispensary was set up to encourage testing sick people ; the hospital was equipped to receive and isolate TB patients while children were sent to its institutions in the countryside to isolate and vaccinate them. These policies underline the determination of local councillors to transform the nineteenth century model. Indeed, in the face of a yet incurable disease, prevention was significantly strengthened and became more democratic.
690 _aenfance
690 _ahôpital
690 _ahygiène
690 _aprévention
690 _asanté publique
690 _atuberculose
690 _achildren
690 _ahospital
690 _ahygiene
690 _aprevention
690 _apublic health
690 _atuberculosis
786 0 _nAnnales de Normandie | 60e aée | 1 | 2010-02-01 | p. 163-178 | 0003-4134
856 4 1 _uhttps://shs.cairn.info/revue-annales-de-normandie-2010-1-page-163?lang=fr&redirect-ssocas=7080
999 _c1592614
_d1592614